Statistiques concernant Les latéraux droits de Premier League (2023/2024)

Cliquez ici pour prendre le quiz!

Statistiques générales

  • Ce quiz a été pris 41 fois
  • Le résultat moyen est 11 sur 20

Statistiques - réponses

ClubNationalitéAu Club DepuisRéponse% Correct
Manchester CityAngleterre2017/2018Kyle Walker
94%
ChelseaAngleterre2017/2018Reece James
94%
Liverpool FCAngleterre2015/2016Trent Alexander-Arnold
94%
ArsenalAngleterre2021/2022Benjamin White
89%
Manchester UnitedPortugal2018/2019Diogo Dalot
89%
Newcastle UtdAngleterre2021/2022Kieran Trippier
83%
Aston VillaPologne2020/2021Matty Cash
77%
TottenhamEspagne2023/2024Pedro Porro
63%
BrightonGhana2019/2020Tariq Lamptey
54%
WolverhamptonPortugal2020/2021Nelson Semedo
51%
West Ham UtdRépublique Tchèque2020/2021Vladimir Coufal
49%
Luton TownBurkina Faso2023/2024Issa Kaboré
43%
FC FulhamPays-Bas2020/2021Kenny Tete
37%
Nottingham ForestArgentine2023/2024Gonzalo Montiel
31%
EvertonAngleterre2023/2024Ashley Young
23%
BurnleyPays de Galles2021/2022Connor Roberts
23%
Crystal PalaceAngleterre2012/2013Joel Ward
20%
AFC BournemouthAngleterre2023/2024Max Aarons
20%
BrentfordEcosse2022/2023Aaron Hickey
17%
Sheffield UtdAngleterre2020/2021Jayden Bogle
14%

Distribution des résultats

Percentile par nombre de réponses

% des personnes avec chaque résultat

Votre développement - résultats

Vous n’avez pas pris ce quiz